Marco jurídico de la negociación colectiva (Registro nro. 53360)
[ vista simple ]
| 000 -CABECERA | |
|---|---|
| Longitud fija campo de control | 01427nam a2200409 c 4500 |
| 001 - NÚMERO DE CONTROL | |
| Número de control | 53360 |
| 003 - IDENTIFICADOR DE NÚMERO DE CONTROL | |
| Identificador del número de control | ES-MaCES |
| 005 - FECHA Y HORA DE LA ÚLTIMA TRANSACCIÓN | |
| Fecha y hora de la última transacción | 20250203132840.0 |
| 008 - CAMPO FIJO DE DESCRIPCIÓN FIJA--INFORMACIÓN GENERAL | |
| Códigos de información de longitud fija | 241010s2024 sp 000 | spa d |
| 017 ## - NÚMERO DE REGISTRO DE DERECHOS DE AUTOR Y DEPÓSITO LEGAL | |
| Número de copyright o de depósito legal | AB 489-2024 |
| Agencia que asigna el número | DL |
| 020 ## - ISBN (INTERNATIONAL STANDARD BOOK NUMBER) | |
| Número Internacional Normalizado para Libros (ISBN) | 9788419574626 |
| 040 ## - FUENTE DE CATALOGACIÓN | |
| Centro catalogador de origen | ES-MaCES |
| Lengua de catalogación | spa |
| Centro transcriptor | ES-MaCES |
| 100 1# - ENCABEZAMIENTO PRINCIPAL--NOMBRE PERSONAL | |
| 9 (RLIN) | 18474 |
| Nombre de persona | Merino Segovia, Amparo |
| 245 13 - MENCIÓN DE TÍTULO | |
| Título | Marco jurídico de la negociación colectiva |
| Resto del título | : contiene las modificaciones introducidas hasta septiembre de 2024 |
| Mención de responsabilidad, etc. | Amparo Merino Segovia, Francisco Trillo Parra |
| 250 ## - MENCIÓN DE EDICIÓN | |
| Mención de edición | 5ª ed |
| 260 ## - PUBLICACIÓN, DISTRIBUCIÓN, ETC (PIE DE IMPRENTA) | |
| Lugar de publicación, distribución, etc. | Albacete |
| Nombre del editor, distribuidor, etc. | Bomarzo |
| Fecha de publicación, distribución, etc. | 2024 |
| 300 ## - DESCRIPCIÓN FÍSICA | |
| Extensión | 250 p. |
| Dimensiones | 27 cm |
| 490 1# - MENCIÓN DE SERIE | |
| Mención de serie | Manuales prácticos |
| 541 ## - NOTA DE LA FUENTE INMEDIANTE DE ADQUISICIÓN | |
| Forma de adquisición | Compra |
| 650 #4 - ASIENTO SECUNDARIO DE MATERIA--TÉRMINO DE MATERIA | |
| Término de materia o nombre geográfico como elemento inicial | convenio colectivo |
| 9 (RLIN) | 28361 |
| 650 #4 - ASIENTO SECUNDARIO DE MATERIA--TÉRMINO DE MATERIA | |
| Término de materia o nombre geográfico como elemento inicial | extensión del convenio colectivo |
| 9 (RLIN) | 30041 |
| 650 #4 - ASIENTO SECUNDARIO DE MATERIA--TÉRMINO DE MATERIA | |
| Término de materia o nombre geográfico como elemento inicial | negociación colectiva |
| 9 (RLIN) | 28362 |
| 650 #4 - ASIENTO SECUNDARIO DE MATERIA--TÉRMINO DE MATERIA | |
| Término de materia o nombre geográfico como elemento inicial | relaciones laborales |
| 9 (RLIN) | 28369 |
| 650 #4 - ASIENTO SECUNDARIO DE MATERIA--TÉRMINO DE MATERIA | |
| Término de materia o nombre geográfico como elemento inicial | derecho del trabajo |
| 9 (RLIN) | 27165 |
| 650 #4 - ASIENTO SECUNDARIO DE MATERIA--TÉRMINO DE MATERIA | |
| Término de materia o nombre geográfico como elemento inicial | legislación del trabajo |
| 9 (RLIN) | 27166 |
| 650 #4 - ASIENTO SECUNDARIO DE MATERIA--TÉRMINO DE MATERIA | |
| Término de materia o nombre geográfico como elemento inicial | reforma legislativa |
| 9 (RLIN) | 29892 |
| 650 #4 - ASIENTO SECUNDARIO DE MATERIA--TÉRMINO DE MATERIA | |
| Término de materia o nombre geográfico como elemento inicial | España |
| 9 (RLIN) | 26964 |
| 650 #4 - ASIENTO SECUNDARIO DE MATERIA--TÉRMINO DE MATERIA | |
| Término de materia o nombre geográfico como elemento inicial | 2021 |
| 9 (RLIN) | 39925 |
| 650 #4 - ASIENTO SECUNDARIO DE MATERIA--TÉRMINO DE MATERIA | |
| Término de materia o nombre geográfico como elemento inicial | 2024 |
| 9 (RLIN) | 41055 |
| 650 #4 - ASIENTO SECUNDARIO DE MATERIA--TÉRMINO DE MATERIA | |
| Término de materia o nombre geográfico como elemento inicial | régimen jurídico |
| 9 (RLIN) | 29894 |
| 653 10 - TÉRMINO DE INDEXACIÓN--NO CONTROLADO | |
| Término no controlado | Derecho del trabajo y Seguridad Social |
| 700 1# - ENCABEZAMIENTO SECUNDARIO--NOMBRE PERSONAL | |
| 9 (RLIN) | 25182 |
| Nombre de persona | Trillo Párraga, Francisco José |
| 787 0# - ENTRADA DE OTRAS ESPECIFICACIONES | |
| Título | Marco jurídico de la negociación colectiva |
| Número de control del registro relacionado | (ES-MaCES)52378 |
| 830 #0 - ENCABEZAMIENTO SECUNDARIO DE COLECCIÓN--TÍTULO UNIFORME | |
| Título uniforme | Manuales prácticos (Editorial Bomarzo) |
| 9 (RLIN) | 34603 |
| 902 ## - CES. TIPO DE DOCUMENTO | |
| Tipodoc (006$c Sirtex) | LIB Libro |
| 942 ## - ELEMENTOS KOHA | |
| Fuente de clasificaión o esquema | Clasificación propia del CES |
| Koha [por defecto] tipo de item | Monografías |
| Parte de clasificación | Derecho del Trabajo y Seguridad Social |
| Número de registro | Signatura completa | Tipo de item de Koha |
|---|---|---|
| 093539 | SR-6.0.1.-1064 | Monografías |
